Statistiques concernant Love Me, Please Love Me - Michel Polnareff

Cliquez ici pour prendre le quiz!

Statistiques générales

  • Ce quiz a été pris 16 fois
  • Le résultat moyen est 104 sur 153

Statistiques - réponses

Réponse% Correct
d'
100%
de
100%
fou
100%
j'
100%
je
100%
Love
100%
love
100%
me
100%
please
100%
suis
100%
vous
100%
à
90%
ma
90%
amour
80%
la
80%
mais
70%
mon
70%
voir
70%
ai
60%
au
60%
moquez
60%
n'
60%
pourquoi
60%
si
60%
dans
50%
jour
50%
pauvre
50%
plaisir
50%
prenez
50%
souffrir
50%
tant
50%
vie
50%
aujourd'hui
40%
chaque
40%
est
40%
mes
40%
tout
40%
vos
40%
votre
40%
vraiment
40%
y
40%
yeux
40%
coeur
30%
crois
30%
devant
30%
ennui
30%
envie
30%
j'en
30%
nuit
30%
pleins
30%
pourtant
30%
silence
30%
toujours
30%
brûler
20%
chance
20%
changer
20%
confiance
20%
devais
20%
dis
20%
espoir
20%
fondre
20%
indifférence
20%
matin
20%
même
20%
nul
20%
parfois
20%
permis
20%
pourrait
20%
reprends
20%
déchire
10%
froideur
10%
hmm
10%
jouer
10%
larmes
10%
lointaine
10%
moquerez
10%
veux
10%

Distribution des résultats

Percentile par nombre de réponses

% des personnes avec chaque résultat

Votre développement - résultats

Vous n’avez pas pris ce quiz